Recognizable flags-3 Medium - Statistics

General Stats
  • This quiz has been taken 12 times
  • The average score is 8 of 10
Answer Stats
Picture Answer % Correct
Argentina
90%
Greece
90%
Iran
90%
South Africa
90%
Honduras
80%
India
80%
Cambodia
70%
Ethiopia
70%
Luxembourg
70%
Peru
60%
No matching quizzes found
Score Distribution
Percent of People with Each Score
Percentile by Number Answered
Your Score History
You have not taken this quiz